Statistics for Random Questions About Countries or Territories

Click here to take the quiz!

General Stats

  • This quiz has been taken 8 times
    (5 since last reset)
  • The average score is 7 of 11

Answer Stats

HintAnswer% Correct
What country has the longest coastlineCanada
100%
What country has the most debtJapan
100%
What country has the most nuclear weaponsRussia
100%
What country is south of IndiaSri Lanka
100%
What country has the most tornadoesUnited States
100%
What country has had the most natural disastersIndonesia
75%
What country or territory has the highest life expectancyHong Kong
50%
What country or territory has the lowest life expectancyThe Central African Republic
50%
What is the poorest coutryBurundi
25%
Which country has the tallest mountainNepal or Tibet
0%
Which country has the widest riverUruguay
0%

Score Distribution

Percentile by Number Answered

Percent of People with Each Score

Your Score History

You have not taken this quiz since the last reset